Tạp chí Khoa học Đồng Tháp : Chuyên san Khoa học Xã hội và Nhân văn Dong Thap university journal of science : Dong Thap university journal of science : Social sciences and humanities issue Tập 14 - Số 4

Chuyên san gồm các nghiên cứu xã hội-nhân văn đa ngành: Thực trạng sử dụng công cụ và phương pháp thực hiện chuyển đổi số của giáo viên ở một số trường trung học phổ thông vùng Đồng bằng sông Cửu Long; Xây dựng kế hoạch bài dạy chủ...

Disgrifiad llawn

Wedi'i Gadw mewn:
Manylion Llyfryddiaeth
Fformat: Llyfr
Iaith:Vietnamese
Cyhoeddwyd: Đồng Tháp Trường Đại học Đồng Tháp 2025
Pynciau:
Tagiau: Ychwanegu Tag
Dim Tagiau, Byddwch y cyntaf i dagio'r cofnod hwn!
Thư viện lưu trữ: Thư viện Trường Đại học Nam Cần Thơ
LEADER 01626nam a22002177a 4500
001 NCT_4_025461
008 250723b xxu||||| |||| 00| 0 vie d
999 |c 9257  |d 9257 
022 |a 08667675 
041 0 |a vie 
082 0 4 |2 23rd ed.  |a 378  |b T109C 
245 0 0 |a Tạp chí Khoa học Đồng Tháp : Chuyên san Khoa học Xã hội và Nhân văn  |b Dong Thap university journal of science : Dong Thap university journal of science : Social sciences and humanities issue  |n Tập 14 - Số 4   |c Trường Đại học Đồng Tháp 
260 |a Đồng Tháp  |b Trường Đại học Đồng Tháp  |c 2025 
300 |a 120 tr.  |c 27 cm 
310 |a 4 số/năm 
362 |a 6/2025 
520 3 |a Chuyên san gồm các nghiên cứu xã hội-nhân văn đa ngành: Thực trạng sử dụng công cụ và phương pháp thực hiện chuyển đổi số của giáo viên ở một số trường trung học phổ thông vùng Đồng bằng sông Cửu Long; Xây dựng kế hoạch bài dạy chủ đề trải nghiệm cùng một phần mấy trong môn Toán lớp 3 theo giáo dục STEM; Khung truyền thông về Chương trình Mỗi xã một sản phẩm (OCOP) trên báo Nông thôn Ngày nay từ góc nhìn báo chí phát triển... 
655 |a Tạp chí 
942 |2 ddc  |c CR 
952 |0 0  |1 0  |2 ddc  |4 0  |6 378_000000000000000_T109C  |7 0  |9 31294  |a 000001  |b 000001  |d 2025-07-23  |o 378 T109C  |r 2025-07-23  |w 2025-07-23  |y CR 
980 |a Thư viện Trường Đại học Nam Cần Thơ